Auch eine Geschichte der Philosophie.
Αποθηκεύτηκε σε:
| Κύριος συγγραφέας: | |
|---|---|
| Μορφή: | Άγνωστο |
| Έκδοση: |
Berlin, Deutschland:
Suhrkamp Verlag,
2019.
|
| Θέματα: | |
| Ετικέτες: |
Προσθήκη ετικέτας
Δεν υπάρχουν, Καταχωρήστε ετικέτα πρώτοι!
|
MARC
| LEADER | 00000 a2200000 4500 | ||
|---|---|---|---|
| 003 | CL-VaPUC | ||
| 005 | 20221124171152.0 | ||
| 008 | 221018t2019 ||||| |||| 00| 0 eng d | ||
| 999 | |c 438808 |d 438806 | ||
| 020 | |a 978-3-518-58736-2 | ||
| 040 | |c Pontificia Universidad Católica de Valparaíso | ||
| 082 | |2 22 |a 109 HAB 2019 | ||
| 100 | |a Habermas, Jürgen |9 876774 |e autor | ||
| 245 | |a Auch eine Geschichte der Philosophie. | ||
| 260 | |a Berlin, Deutschland: |b Suhrkamp Verlag, |c 2019. | ||
| 300 | |a 2 bands. | ||
| 505 | |a Band 1: Die okzidentale Konstellation von Glauben und Wissen. Band 2: Vernünftige Freiheit. Spuren des Diskurses über Glauben und Wissen. | ||
| 583 | |k GC |c 20221018 | ||
| 650 | 0 | |9 256920 |a Historia de la filosofía | |
| 650 | 0 | |9 264994 |a Epistemología |x Conocimiento científico | |
| 650 | 0 | |a Fe y razón |x Filosofía |9 878470 | |
| 942 | |2 ddc |c BK | ||
| 952 | |0 0 |1 0 |2 ddc |4 0 |6 109_000000000000000_HAB_2019 |7 0 |8 A |9 587351 |a BIBTEO |b BIBTEO |c GEN |d 2022-10-18 |e 3 |g 128223.00 |h B.1 |i 5655250 |o 109 HAB 2019 |p 5655250 |r 2025-01-17 |t 1 |v 128223.00 |w 2022-10-18 |y BK |k ICR | ||
| 952 | |0 0 |1 0 |2 ddc |4 0 |6 109_000000000000000_HAB_2019 |7 0 |8 A |9 587352 |a BIBTEO |b BIBTEO |c GEN |d 2022-10-18 |e 3 |h B.2 |i 5655251 |o 109 HAB 2019 |p 5655251 |r 2025-01-17 |t 1 |w 2022-10-18 |y BK |k ICR | ||